Statistiken für Telefonmarken in 30 Sekunden

Klicken Sie hier um das Quiz zu spielen!

Allgemein

  • Dieses Quiz wurde 109 mal gespielt
    (82 seit der letzten Aktualisierung)
  • Das Durchschnittsergebnis liegt bei 3 aus 10

Antwortstatistiken

RangMarke% Korrekt
#3Apple
97%
#1Samsung
97%
#2Huawei
61%
#6Xiaomi
28%
#7LG
25%
#4Oppo
10%
#8Lenovo
4%
#9ZTE
4%
#5Vivo
3%
#10Alcatel-Lucent
1%

Verteilung der Resultate

Perzentil nach korrekt beantworteten Fragen

Anzahl Personen mit jedem Resultat

Ihre Resultats-Entwicklung

Sie haben dieses Quiz seit der letzten Aktualisierung nicht gespielt